00433nam a2200169Ia 4500003000400000005001700004008004000021020001800061040000700079041000800086082001800094100002500112245005200137260003900189300001000228700002500238OSt20241018104014.0210210b2011 xxu||||| |||| 00| 0 eng d a9788132105763 cAL aeng a306.0954 BASL aBASU (Partha Pratim) aLocating cultural change: Theory method process aNew DelhibSage Publicationsc2011 ax,279 aCHANDRA (Ipshita) Ed